| 000 | 00437nam a2200145Ia 4500 | ||
|---|---|---|---|
| 008 | 221007s9999 xx 000 0 und d | ||
| 020 | _a11250 | ||
| 041 | _aeng | ||
| 082 |
_a658.834 _bHAW |
||
| 100 |
_aHawkins D I _996437 |
||
| 245 | _aD. B. Needham Lifestile Survey Data Disk for Use With Consumer Behavior Building Mktg. Strategy | ||
| 260 |
_c2007 _bTata Mcgraw Hill _aNew Delhi |
||
| 650 | _aMarketing management | ||
| 906 | _bGeneral | ||
| 999 |
_c60814 _d60814 |
||